Αναλυτική γεωμετρία : για τη Γ' ΄Λυκείου

Saved in:
Bibliographic Details
Main Author: Κανέλλος, Σπύρος Γ.
Format: Book
Language:Greek
Published: Αθήναι : Εκδόσεις Παπαδημητροπούλου, 1981.
Subjects:
Tags: Add Tag
No Tags, Be the first to tag this record!

MARC

LEADER 00000cam a2200000 a 4500
001 1/123911
008 211115t1981####gr | ||| |||| ||gre||
040 |a GR-MyUa  |b gre  |c GR-MyUa  |e AACR2 
041 0 |a gre 
082 7 |a 516.3  |2 (23) 
100 1 |a Κανέλλος, Σπύρος Γ. 
245 1 0 |a Αναλυτική γεωμετρία :   |b για τη Γ' ΄Λυκείου /   |c Σπύρου Κανέλλου.  
260 |a Αθήναι :   |b Εκδόσεις Παπαδημητροπούλου,   |c 1981.  
300 |a 126 σ. :   |b σχημ. ;   |c 24 εκ.  
500 |a Δακτυλογραφημένη και πολυγραφημένη έκδοση.  
650 0 |a Geometry, Analytic. 
852 |a INST  |b SAMOS  |c MAG  |e 20211115  |h 516.3 ΚΑΝ  |p 005300034341  |q 005300034341  |t BK  |y 0 
970 |a Γουβάλα  |b Βάσω   |z 15-11-2021